000 00681nam a2200193Ii 4500
003 JO-AjNU
008 230605s9999||||xx |||||||||||||| ||und||
040 _aJO-AjNU
_bara
_erda
_cJO-AjNU
041 _aara
050 1 4 _aPJ7528.K4272 1984
100 3 _aخماش، نبال تيسير,
_eauthor
_917008
245 0 0 _aشعر الخلفاء في العصرين الراشدي والأموي
264 3 1 _aد.م: د.ن، 1984
300 _a224ص
336 _atext
_btxt
_2rdacontent
337 _aunmediated
_bn
_2rdamedia
338 _avolume
_bnc
_2rdacarrier
650 4 _aالشعر العربي - شعر الخلفاء - العصر الراشدي - العصر الأموي
_917009
999 _aA5164
_c8732
_d8732